00534nam a2200193Ii 45000010005000000030009000050080041000140200016000550400033000710410008001040820016001121000030001282450027001582640062001853000012002473360026002593370028002853380027003133928CO-ViMGA241108s9999||||xx |||||||||||||| ||und|| a84822701746 aCO-ViMGAbspaerdacCO-ViMGA0 aunk04a371.3-C133t1 aAmparo Caicedo Cárdenas10aTécnicas de estudios 1a[Lugar de publicación no identificado] : Voluntad, 1977 avolumen atextbtxt2rdacontent aunmediatedbn2rdamedia avolumebnc2rdacarrier